MARC details
| 000 -CABECERA |
| campo de control de longitud fija |
01423nam a2200229 a 4500 |
| 001 - NÚMERO DE CONTROL |
| campo de control |
000008540 |
| 005 - FECHA Y HORA DE LA ÚLTIMA TRANSACCIÓN |
| campo de control |
20240412074207.0 |
| 008 - DATOS DE LONGITUD FIJA--INFORMACIÓN GENERAL |
| campo de control de longitud fija |
090917t1978 dr a r 001 pcspa d |
| 040 ## - FUENTE DE LA CATALOGACIÓN |
| Centro catalogador/agencia de origen |
DO-SdBNP |
| Lengua de catalogación |
spa |
| Centro/agencia transcriptor |
BNPHU |
| 082 ## - NÚMERO DE LA CLASIFICACIÓN DECIMAL DEWEY |
| Número de clasificación |
RD860.9 |
| Número de documento/Ítem |
B363p |
| 100 1# - ENTRADA PRINCIPAL--NOMBRE DE PERSONA |
| Nombre de persona |
Bazil, Darío |
| 9 (RLIN) |
22898 |
| 245 10 - MENCIÓN DE TÍTULO |
| Título |
Poetas y prosistas dominicanos / |
| Mención de responsabilidad, etc. |
Darío Bazil ; prólogo Juan Francisco Monclús C. |
| 260 ## - PUBLICACIÓN, DISTRIBUCIÓN, ETC. |
| Lugar de publicación, distribución, etc. |
Santo Domingo : |
| Nombre del editor, distribuidor, etc. |
Cosmos, |
| Fecha de publicación, distribución, etc. |
1978. |
| 300 ## - DESCRIPCIÓN FÍSICA |
| Extensión |
235 p. : |
| Otras características físicas |
il., retrs. ; |
| Dimensiones |
21 cm. |
| 505 0# - NOTA DE CONTENIDO CON FORMATO |
| Información miscelánea |
Prólogo / |
| Mención de responsabilidad |
Juan Francisco Monclús C. -- |
| -- |
Francisco Javier Angulo Guridi -- |
| -- |
José Joaquín Pérez -- |
| -- |
Gastón Fernando Deligne -- |
| -- |
Arturo Pellerano Castro -- |
| -- |
Fabio Fiallo Cabral -- |
| -- |
Federico Bermúdez Ortega -- |
| -- |
Otilio Virgíl Diaz -- |
| -- |
Osvaldo Bazil -- |
| -- |
Virgilio Díaz Ordoñez -- |
| -- |
Francisco Feliberto Domínguez Charro -- |
| -- |
Juan Sánchez Lamouth -- |
| -- |
César Nicolás Penson -- |
| -- |
Federico García Godoy -- |
| -- |
Miguel Angel Garrido -- |
| -- |
Américo Lugo -- |
| -- |
Tulio Manuel Cestero -- |
| -- |
Francisco Moscoso Puello -- |
| -- |
Miguel Ángel Monclús Brea -- |
| -- |
Julio González Herrera -- |
| -- |
Manuel Arturo Peña Batlle -- |
| -- |
Ramón Marrero Aristy. |
| 590 ## - NOTA LOCAL (RLIN) |
| Nota local |
Inventariado, 2018/BT |
| 650 #4 - PUNTO DE ACCESO ADICIONAL DE MATERIA--TÉRMINO DE MATERIA |
| Término de materia o nombre geográfico como elemento de entrada |
Poetas dominicanos |
| Subdivisión general |
Crítica e interpretación |
| 9 (RLIN) |
21023 |
| 650 #4 - PUNTO DE ACCESO ADICIONAL DE MATERIA--TÉRMINO DE MATERIA |
| Término de materia o nombre geográfico como elemento de entrada |
Autores dominicanos |
| Subdivisión general |
Crítica e interpretación |
| 9 (RLIN) |
158 |
| 650 #0 - PUNTO DE ACCESO ADICIONAL DE MATERIA--TÉRMINO DE MATERIA |
| Término de materia o nombre geográfico como elemento de entrada |
Literatura dominicana. |
| 9 (RLIN) |
67 |
| 700 1# - PUNTO DE ACCESO ADICIONAL--NOMBRE DE PERSONA |
| Nombre de persona |
Monclús C., Juan Francisco, |
| Término indicativo de función/relación |
pról. |
| 9 (RLIN) |
19465 |
| 910 ## - DATOS DE OPCIÓN DEL USUARIO (OCLC) |
| Datos de opción del usuario |
Validado. Control de calidad. EMS |